Management Theory and Practice. (Record no. 1726)
[ view plain ]
| 005 - DATE AND TIME OF LATEST TRANSACTION | |
|---|---|
| control field | 20250428150542.0 |
| 020 ## - INTERNATIONAL STANDARD BOOK NUMBER | |
| International Standard Book Number | 978-1-4080-9527-0 |
| 082 ## - DEWEY DECIMAL CLASSIFICATION NUMBER | |
| Classification number | 658 COL |
| 100 ## - MAIN ENTRY--PERSONAL NAME | |
| Author name | COLE, G. A. |
| 245 ## - TITLE STATEMENT | |
| Title | Management Theory and Practice. |
| 250 ## - EDITION STATEMENT | |
| Edition statement | 8th Ed |
| 260 ## - PUBLICATION, DISTRIBUTION, ETC. | |
| Place of publication, distribution, etc. | Australia , |
| Name of publisher, distributor, etc. | Cengage Learning, |
| Date of publication, distribution, etc. | 2015. |
| 300 ## - PHYSICAL DESCRIPTION | |
| Extent | X, 637p.: ill.; figure, picture |
| Other physical details | Glossary & Index |
| Dimensions | 26cm. |
| 700 ## - ADDED ENTRY--PERSONAL NAME | |
| Other authors/Editors | KELLY, P. |
| 856 ## - ELECTRONIC LOCATION AND ACCESS | |
| Link text | Access Online Book |
| Electronic name | Management |
| Path | www.cengagebrain.com |
| 942 ## - ADDED ENTRY ELEMENTS (KOHA) | |
| Source of classification or shelving scheme | Dewey Decimal Classification |
| Koha item type | Books |
| Date last seen | Total checkouts | Full call number | Barcode | Cost, replacement price | Price effective from | Koha item type | Lost status | Source of classification or shelving scheme | Damaged status | Not for loan | Withdrawn status | Home library | Current library | Shelving location | Date acquired | Cost, normal purchase price |
|---|---|---|---|---|---|---|---|---|---|---|---|---|---|---|---|---|
| 04/28/2025 | 658 COL | 0000006617 | 332775.00 | 04/28/2025 | Books | Dewey Decimal Classification | College of Business Education Main Library | College of Business Education Main Library | General Collection | 06/19/2017 | 110925.00 | |||||
| 04/28/2025 | 658 COL | 0000006618 | 332775.00 | 04/28/2025 | Books | Dewey Decimal Classification | College of Business Education Main Library | College of Business Education Main Library | General Collection | 06/19/2017 | 110925.00 | |||||
| 04/29/2025 | 658 COL | 0000006797 | 332775.00 | 04/29/2025 | Books | Dewey Decimal Classification | College of Business Education Main Library | College of Business Education Main Library | General Collection | 06/19/2017 | 110925.00 | |||||
| 04/29/2025 | 658 COL | 0000006798 | 332775.00 | 04/29/2025 | Books | Dewey Decimal Classification | College of Business Education Main Library | College of Business Education Main Library | General Collection | 06/19/2017 | 110925.00 | |||||
| 05/30/2025 | 658 COL | 0000008809 | 332775.00 | 05/30/2025 | Books | Dewey Decimal Classification | College of Business Education Main Library | College of Business Education Main Library | Special Reserve Collection | 06/19/2017 | 110925.00 |
